| 000 | 01535nam a2200445 i 4500 | ||
|---|---|---|---|
| 001 | 14401 | ||
| 003 | KOSZ 005 | ||
| 005 | 20260225063449.0 | ||
| 008 | 070608s1972 pl a f f 001 0 pol | ||
| 015 | _aPB 1972/5051 | ||
| 035 | _a(OCoLC)839119170 | ||
| 040 |
_aWA N _cWA N _dKOSZ 005/EC _dKOSZ 005/RW |
||
| 041 | 1 |
_apol _heng |
|
| 046 | _k1960 | ||
| 080 | _a53 | ||
| 100 | 1 |
_aRogers, Eric M. _eAutor |
|
| 245 | 1 | 0 |
_aFizyka dla dociekliwych. _nCz. 3, _pCząsteczki i energia / _cEric M. Rogers ; tłumaczenie Stefan Żukotyński i Jędrzej Śniatycki. |
| 246 | 1 |
_iTytuł oryginału: _aPhysics for the inquiring mind. |
|
| 250 | _aWydanie 2. | ||
| 260 |
_aWarszawa : _bPaństwowe Wydawnictwo Naukowe, _c1972. |
||
| 300 |
_a395, [1] stron : _bilustracje ; _c22 cm. |
||
| 336 |
_aTekst _btxt _2rdacontent |
||
| 337 |
_aBez urządzenia pośredniczącego _bn _2rdamedia |
||
| 338 |
_aWolumin _bnc _2rdacarrier |
||
| 380 | _aKsiążki. | ||
| 388 | _a1901-2000 | ||
| 388 | _a1945-1989 | ||
| 504 | _aIndeks. | ||
| 658 | _aFizyka i astronomia | ||
| 650 | 7 | _aPomiary | |
| 655 | 7 | _aPodręcznik | |
| 650 | 7 | _aTemperatura | |
| 650 | 7 | _aAtom | |
| 650 | 7 | _aCząsteczka | |
| 700 | 1 |
_aŻukotyński, Stefan _d(1932- ) _eTłumaczenie |
|
| 700 | 1 |
_aŚniatycki, Jędrzej _eTłumaczenie |
|
| 710 | 2 |
_aPaństwowe Wydawnictwo Naukowe _4pbl. |
|
| 856 |
_uhttp://koha.tu.koszalin.pl/cgi-bin/koha/opac-detail.pl?biblionumber=14401 _yKatalog online BPK |
||
| 942 |
_2UKD _cKS |
||
| 999 |
_c14401 _d14401 |
||